000 00752nam a2200205Ii 4500
003 JO-AjNU
008 230605s9999||||xx |||||||||||||| ||und||
017 _a2005/3/442
040 _aJO-AjNU
_bara
_erda
_cJO-AjNU
041 _aara
050 1 4 _aPJ6073.N3338 2005
100 3 _aتاليف نهر،هادي,
_eauthor
_923444
245 0 0 _aالبحوث اللغوية والأدبية (الاتجاهات،والمناهج،والإجراءات)
264 3 1 _aعمان: المؤلف، 2005
300 _a246ص
336 _atext
_btxt
_2rdacontent
337 _aunmediated
_bn
_2rdamedia
338 _avolume
_bnc
_2rdacarrier
650 4 _aالبحوث اللغويّة والأدبية-اللغة العربية-الابحاث-المناهج
_923445
999 _aA8482
_c12050
_d12050